000 00527nam a2200193 i 4500
001 3702739
003 OSt
005 20150310180042.0
008 790815s1978 ve h 000 0 spa
010 _a 79109590
040 _cBMC
082 _a987
100 1 _aBello, Andrés
_d1781-1865
_921941
245 1 0 _aResumen de la historia de Venezuela
_cAndrés Bello
260 _aCaracas
_bLa Casa de Bello
_c1978
300 _a1 folleto (48 p.)
_c23 cm
651 4 _aVenezuela
_xHistoria
_932569
942 _2ddc
_cBK
_hahoj
999 _c19458
_d19458